| 000 | 00349nam a2200109Ia 4500 | ||
|---|---|---|---|
| 008 | 171204s9999 xx 000 0 und d | ||
| 245 | _aClose Reading And Writing From Sources: | ||
| 245 | _cDouglas Fisher and Nancy Frey | ||
| 260 | _c2014 | ||
| 650 | _xPRF Ed 3: Developmental Reading | ||
| 856 | _uhttp://down.ebook777.com/021/CloReaAndWriFroSou.pdf | ||
| 999 |
_c345869 _d345869 |
||